| 000 | 01853nam a2200469 i 4500 | ||
|---|---|---|---|
| 001 | 40569 | ||
| 003 | KOSZ 005 | ||
| 005 | 20240405063132.0 | ||
| 008 | 200605s2001 pl a g 001 0 pol | ||
| 015 | _aPB 2007/13229 | ||
| 020 | _a8388283707 | ||
| 040 |
_aWA N _cWA N _dKOSZ 005/RW |
||
| 045 |
_bd1918 _bd1919 |
||
| 046 | _k2001 | ||
| 080 | _a94(438).081 | ||
| 080 | _a94(477) | ||
| 245 | 0 | 0 |
_aWalki o Lwów i Małopolskę Wschodnią 1918-1919 : _bwybór materiałów źródłowych. _nT. 3, _p1 marca 1919 r. - 30 kwietnia 1919 r. / _cwstęp, wybór dokumentów i opracowanie Bogusław Polak ; Politechnika Koszalińska. [Wydział Ekonomii i Zarządzania]. |
| 260 |
_aKoszalin : _bWydawnictwo Uczelniane Politechniki Koszalińskiej, _c2001. |
||
| 300 |
_a411, [14] stron : _bilustracje ; _c24 cm. |
||
| 336 |
_aTekst _btxt _2rdacontent |
||
| 337 |
_aBez urządzenia pośredniczącego _bn _2rdamedia |
||
| 338 |
_aWolumin _bnc _2rdacarrier |
||
| 380 | _aKsiążki. | ||
| 380 | _aPublikacje naukowe | ||
| 388 | _a2001- | ||
| 504 | _aBibliografia na stronach 18-19. Indeks. | ||
| 648 | 7 | _a1901-2000 | |
| 648 | 7 | _a1918-1939 | |
| 650 | 7 | _aBitwa o Lwów (1918-1919) | |
| 650 | 7 | _aWojsko | |
| 651 | 7 | _aPolska | |
| 651 | 7 | _aUkraina | |
| 655 | 7 | _aWydawnictwo źródłowe | |
| 658 | _aHistoria | ||
| 658 | _aBezpieczeństwo i wojskowość | ||
| 700 | 1 |
_aPolak, Bogusław _d(1945-) _eOpracowanie |
|
| 710 | 2 | _aPolitechnika Koszalińska | |
| 710 | 2 |
_aWydawnictwo Uczelniane (Politechnika Koszalińska) _4pbl |
|
| 856 |
_uhttp://koha.tu.koszalin.pl/cgi-bin/koha/opac-detail.pl?biblionumber=40569 _yKatalog online BPK |
||
| 856 |
_uhttp://dlibra.tu.koszalin.pl/dlibra/docmetadata?id=1266&from=latest _yBiblioteka Cyfrowa |
||
| 942 |
_2UKD _cKS |
||
| 999 |
_c40569 _d40569 |
||